Catálogo

PRINCIPIOS DE HISTOLOGIA Y EMBRIOLOGIA BUCAL CON ORIENTACION CLINICA (Registro nro. 59514)

Detalles MARC
000 -LEADER
fixed length control field 00572nam a2200181 a 4500
001 - CONTROL NUMBER
control field 59514
005 - DATE AND TIME OF LATEST TRANSACTION
control field 20180714060507.0
008 - FIXED-LENGTH DATA ELEMENTS--GENERAL INFORMATION
fixed length control field 140415s2007 sp 000 0 spa d
020 ## - INTERNATIONAL STANDARD BOOK NUMBER
International Standard Book Number 9788481749892
041 ## - LANGUAGE CODE
Language code of text/sound track or separate title spa
082 ## - DEWEY DECIMAL CLASSIFICATION NUMBER
Classification number 611.0189314
Item number AVE
245 00 - TITLE STATEMENT
Title PRINCIPIOS DE HISTOLOGIA Y EMBRIOLOGIA BUCAL CON ORIENTACION CLINICA
250 ## - EDITION STATEMENT
Edition statement 3a ed.
260 ## - PUBLICATION, DISTRIBUTION, ETC.
Place of publication, distribution, etc. ESPAÑA :
Name of publisher, distributor, etc. ELSEVIER INC.,
Date of publication, distribution, etc. 2007
300 ## - PHYSICAL DESCRIPTION
Extent 240
Dimensions 21 x 1 x 27
700 1# - ADDED ENTRY--PERSONAL NAME
Personal name GÖTZENS GARCIA, VICTOR
Relator term tr.
740 ## - ADDED ENTRY--UNCONTROLLED RELATED/ANALYTICAL TITLE
Uncontrolled related/analytical title ESSENTIALS OF ORAL HISTOLOGY AND EMBRYOLOGY: CLINICAL APPROACH
Existencias
Withdrawn status Lost status Source of classification or shelving scheme Damaged status Not for loan Collection code Home library Current library Shelving location Date acquired Source of acquisition Inventory number Total Checkouts Full call number Barcode Date last seen Date last checked out Price effective from Koha item type Total Renewals
    Dewey Decimal Classification     General Biblioteca Karol Wojtyla Biblioteca Karol Wojtyla Sala general 03/12/2013 Compra 151000000000000000005187 11 611.0189314 AVE 89886 05/01/2026 14/06/2024 03/12/2013 Libro  
    Dewey Decimal Classification     General Biblioteca Karol Wojtyla Biblioteca Karol Wojtyla Sala general 03/12/2013 Compra 151000000000000000005186 8 611.0189314 AVE 89885 05/01/2026 11/09/2025 03/12/2013 Libro 1